Kraje bez pokrycia Google Street View - Statystyki

Ogólne statystyki
  • Ten quiz został rozwiązany 17 razy
  • Średni wynik to 63 z 88
Statystyki odpowiedzi
Kontynent Kraj % Poprawnych
Europa Mołdawia
94%
Afryka Czad
88%
Afryka Niger
88%
Azja Afganistan
82%
Afryka Benin
82%
Afryka Dżibuti
82%
Afryka Gabon
82%
Ameryka Północna Haiti
82%
Azja Iran
82%
Afryka Kongo
82%
Europa Kosowo
82%
Afryka Liberia
82%
Afryka Mauretania
82%
Oceania Palau
82%
Afryka Somalia
82%
Afryka Sudan
82%
Afryka Sudan Południowy
82%
Azja Syria
82%
Azja Tadżykistan
82%
Afryka Togo
82%
Azja Turkmenistan
82%
Azja Uzbekistan
82%
Ameryka Południowa Wenezuela
82%
Oceania Wyspy Salomona
82%
Afryka Algieria
76%
Afryka Angola
76%
Ameryka Północna Dominika
76%
Afryka Erytrea
76%
Afryka Etiopia
76%
Oceania Fidzi
76%
Ameryka Południowa Gujana
76%
Afryka Gwinea
76%
Afryka Gwinea-Bissau
76%
Azja Jemen
76%
Ameryka Północna Kuba
76%
Afryka Libia
76%
Afryka Maroko
76%
Afryka Mozambik
76%
Oceania Nauru
76%
Azja Timor wschodni
76%
Oceania Tonga
76%
Ameryka Północna Trynidad i Tobago
76%
Oceania Wyspy Marshalla
76%
Afryka Zambia
76%
Afryka Zimbabwe
76%
Europa Bośnia
71%
Afryka Burundi
71%
Afryka Gwinea Równikowa
71%
Ameryka Północna Jamajka
71%
Azja Mjanma
71%
Ameryka Północna Nikaragua
71%
Ameryka Północna Saint Kitts i Nevis
71%
Ameryka Północna Saint Lucia
71%
Ameryka Północna Saint Vincent i Grenadyny
71%
Ameryka Północna Salwador
71%
Ameryka Południowa Surinam
71%
Oceania Tuvalu
71%
Afryka Wybrzeże Kości Słoniowej
71%
Ameryka Północna Antigua i Barbuda
65%
Ameryka Północna Bahamy
65%
Ameryka Północna Barbados
65%
Ameryka Północna Belize
65%
Afryka Burkina Faso
65%
Afryka Gambia
65%
Ameryka Północna Grenada
65%
Ameryka Północna Honduras
65%
Afryka Kamerun
65%
Afryka Komory
65%
Azja Korea Północna
65%
Azja Kuwejt
65%
Afryka Malawi
65%
Azja Malediwy
65%
Oceania Mikronezja
65%
Ameryka Południowa Paragwaj
65%
Oceania Samoa
65%
Afryka Seszele
65%
Afryka Sierra Leone
65%
Azja Bahrajn
59%
Azja Brunei
59%
Oceania Kiribati
59%
Afryka Republika Zielonego Przylądka
59%
Azja Arabia saudyjska
53%
Azja Azerbejdżan
53%
Azja Gruzja
53%
Afryka Mauritius
53%
Azja Armenia
47%
Afryka Demokratyczna Republika Kongo
18%
Afryka Republika Środkowej Afryki
0%
Nie znaleziono quizów pasujących do podanych kryteriów
Rozkład punktacji
Procent ludzi z każdym wynikiem
Percentyl według liczby udzielonych odpowiedzi
Twoja historia wyników
Nie rozwiązałeś tego quizu